Normal view
MARC view
- Jones, Jacqueline A
Entry Personal Name
001 - CONTROL NUMBER
- control field: 112932
003 - CONTROL NUMBER IDENTIFIER
- control field: NUST
005 - DATE AND TIME OF LATEST TRANSACTION
- control field: 20230601092226.0
008 - FIXED-LENGTH DATA ELEMENTS
- fixed length control field: 230601|| aca||aabn | a|a d
040 ## - CATALOGING SOURCE
- Original cataloging agency: NUST
- Transcribing agency: NUST
100 ## - HEADING--PERSONAL NAME
- Personal name: Jones, Jacqueline A
670 ## - SOURCE DATA FOUND
- Source citation: Work cat.: (NUST)180449: Harrow, Keith. 112931, Problem solving using IBM PC Pascal / , c1986.
